[Event "Fremont Weibel Quads 1"]
[Site "Fremont"]
[Date "2005.06.25"]
[Round "2"]
[White "Su, Irene"]
[Black "Kumar, Aditya"]
[Result "0-1"]
[WhiteElo "881"]
[BlackElo "885"]
[PlyCount "81"]
[EventDate "2005.06.25"]
[EventType "swiss"]
[EventRounds "3"]
[EventCountry "USA"]
[SourceTitle "EXT 2009"]
[Source "ChessBase"]
[SourceDate "2008.11.26"]
[SourceVersion "1"]
[SourceVersionDate "2008.11.26"]
[SourceQuality "1"]

1. e4 e5 2. d4 d6 3. Nf3 Bg4 4. Be2 Nf6 5. Nc3 Bxf3 6. Bxf3 Nc6 7. Be3 Be7 8. 0-0 0-0 9. Qd2 Re8 10. d5 Nd4 11. Bxd4 exd4 12. Qxd4 Nd7 13. e5 dxe5 14. Qg4 Bf6 15. Ne4 Nb6 16. Nxf6+ Qxf6 17. Rfe1 Qf4 18. Re2 Qxg4 19. Bxg4 Rad8 20. Bf3 Nc4 21. b3 Nb6 22. Rae1 f6 23. d6 Rxd6 24. Bxb7 Red8 25. h3 Rd1 26. c4 Rxe1+ 27. Rxe1 Rd2 28. a4 Rb2 29. c5 Nd7 30. Rd1 Nxc5 31. Bd5+ Kf8 32. Bc4 Nxb3 33. Bxb3 Rxb3 34. Kf1 Ra3 35. Ke2 Rxa4 36. Rd7 Rc4 37. Kd2 Ra4 38. Rxc7 Ra2+ 39. Kc3 Rxf2 40. g3 h6 41. Rxa7 0-1